000 002480000a22000970004500
100 1 _aLane, Tony
245 1 0 _aJohn Duns Scotus
300 _aVol. 11, Num. 2 (1993), Páginas 81-84
773 0 _tScottish Bulletin of Evangelical Theology
942 _cANA
999 _c55704
_d55704